[Event "Mumbai Wealth op 6th"]
[Site "Mumbai"]
[Date "2021.12.31"]
[Round "2"]
[White "Kadav, Omkar"]
[Black "Ghate, Siddhant"]
[Result "1/2-1/2"]
[WhiteElo "1843"]
[BlackElo "1373"]
[PlyCount "162"]
[EventDate "2021.12.30"]
[EventType "swiss"]
[EventRounds "9"]
[EventCountry "IND"]
[SourceTitle "EXT 2023"]
[Source "ChessBase"]
[SourceDate "2022.10.05"]
[SourceVersion "1"]
[SourceVersionDate "2022.10.05"]
[SourceQuality "1"]

1. e4 e5 2. Nf3 Nc6 3. Bb5 Nf6 4. d3 Bc5 5. Bxc6 dxc6 6. Nbd2 0-0 7. 0-0 Re8 8. Nc4 Bg4 9. h3 Bxf3 10. Qxf3 h6 11. g4 b5 12. Nd2 Re6 13. Nb3 Bb6 14. a4 a5 15. g5 Nh7 16. gxh6 Qh4 17. Kh2 Rg6 18. c4 bxc4 19. dxc4 Nf6 20. c5 Nxe4 21. cxb6 Rf6 22. Qg4 Rxf2+ 23. Rxf2 Qxf2+ 24. Qg2 Qxg2+ 25. Kxg2 cxb6 26. Nd2 Nc5 27. Nc4 Nb3 28. Rb1 b5 29. axb5 cxb5 30. Nxe5 Re8 31. Bf4 gxh6 32. Ng4 Re6 33. Nxh6+ Kg7 34. Nf5+ Kf6 35. Ne3 b4 36. Rf1 Kg6 37. Rf3 Nd4 38. Rg3+ Kf6 39. Bg5+ Ke5 40. Ng4+ Kd5 41. Be3 Nf5 42. Rf3 Nh4+ 43. Kf2 Nxf3 44. Kxf3 Kc4 45. h4 Kd3 46. h5 f5 47. Nf2+ Kc2 48. h6 f4 49. Bxf4 Re7 50. Ng4 Kxb2 51. Be5+ Ka2 52. Bg7 b3 53. h7 Rxg7 54. h8Q b2 55. Qh2 Rf7+ 56. Ke4 Ka1 57. Qe5 Re7 58. Qxe7 b1Q+ 59. Kf3 Qd1+ 60. Kf4 Qd4+ 61. Kf5 Qd3+ 62. Kg5 Qd5+ 63. Ne5 Qg2+ 64. Kf5 Qf1+ 65. Ke6 Qh3+ 66. Kd5 Qg2+ 67. Kd6 Qd2+ 68. Kc7 Qc3+ 69. Nc6 Qg3+ 70. Kb6 a4 71. Qf6+ Ka2 72. Nb4+ Kb3 73. Nc6 Qe3+ 74. Kc7 Qc5 75. Qf3+ Qc3 76. Qd1+ Qc2 77. Qd5+ Qc4 78. Qf3+ Qc3 79. Qd5+ Qc4 80. Qd1+ Qc2 81. Qd5+ Qc4 1/2-1/2

[Event "Mumbai Wealth U13 op 5th"]
[Site "Mumbai"]
[Date "2020.01.07"]
[Round "9"]
[White "Abdullaev, Rasulbek"]
[Black "Ghate, Siddhant"]
[Result "1/2-1/2"]
[WhiteElo "1770"]
[BlackElo "1309"]
[PlyCount "90"]
[EventDate "2019.12.30"]
[EventType "swiss"]
[EventRounds "9"]
[EventCountry "IND"]
[SourceTitle "CBM 194 Extra"]
[Source "ChessBase"]
[SourceDate "2020.03.31"]
[SourceVersion "1"]
[SourceVersionDate "2020.03.31"]
[SourceQuality "1"]

1. d4 d5 2. c4 e6 3. Nc3 Nf6 4. Bg5 Be7 5. e3 h6 6. Bh4 0-0 7. Nf3 Nbd7 8. Bd3 dxc4 9. Bxc4 a6 10. 0-0 b5 11. Be2 Bb7 12. Rc1 Rc8 13. h3 c5 14. dxc5 Nxc5 15. Nd4 Qd7 16. b4 Nce4 17. Nxe4 Bxe4 18. a3 Qb7 19. Bf3 Bxf3 20. Qxf3 Qxf3 21. Nxf3 g5 22. Bg3 Nd5 23. Be5 Nb6 24. Bd4 Rxc1 25. Rxc1 Nc4 26. a4 f6 27. axb5 axb5 28. Bc5 Bxc5 29. bxc5 Rc8 30. Nd4 Rxc5 31. Nxe6 Re5 32. Nd4 Nd6 33. Kf1 Kf7 34. Ke2 Ke8 35. Kd3 Kd7 36. Rc2 f5 37. Ra2 Rc5 38. Ra8 Rc8 39. Rxc8 Kxc8 40. Kc3 Kc7 41. Kb4 Kb6 42. g4 fxg4 43. hxg4 Nf7 44. f4 Nd6 45. f5 Ne4 1/2-1/2

[Event "Mumbai Wealth U13 op 5th"]
[Site "Mumbai"]
[Date "2020.01.05"]
[Round "7"]
[White "Athalye, Varad"]
[Black "Ghate, Siddhant"]
[Result "1/2-1/2"]
[WhiteElo "1587"]
[BlackElo "1309"]
[PlyCount "33"]
[EventDate "2019.12.30"]
[EventType "swiss"]
[EventRounds "9"]
[EventCountry "IND"]
[SourceTitle "CBM 194 Extra"]
[Source "ChessBase"]
[SourceDate "2020.03.31"]
[SourceVersion "1"]
[SourceVersionDate "2020.03.31"]
[SourceQuality "1"]

1. e4 e5 2. Nf3 Nc6 3. Nc3 Nf6 4. g3 Bc5 5. Bg2 d6 6. d3 h6 7. h3 a6 8. Qe2 Be6 9. Be3 Qd7 10. a3 Nd4 11. Bxd4 exd4 12. Nd1 0-0-0 13. Nd2 g5 14. f4 gxf4 15. gxf4 Rde8 16. Nf2 Rhg8 17. Qf3 1/2-1/2

[Event "Mumbai Wealth U13 op 5th"]
[Site "Mumbai"]
[Date "2020.01.04"]
[Round "6"]
[White "Ghate, Siddhant"]
[Black "Inamdar, Arish"]
[Result "1-0"]
[WhiteElo "1309"]
[BlackElo "1027"]
[PlyCount "107"]
[EventDate "2019.12.30"]
[EventType "swiss"]
[EventRounds "9"]
[EventCountry "IND"]
[SourceTitle "CBM 194 Extra"]
[Source "ChessBase"]
[SourceDate "2020.03.31"]
[SourceVersion "1"]
[SourceVersionDate "2020.03.31"]
[SourceQuality "1"]

1. e4 e6 2. d4 d5 3. exd5 exd5 4. Bd3 Bd6 5. Nf3 Nf6 6. 0-0 0-0 7. Bg5 Be6 8. Nbd2 Nbd7 9. c3 c6 10. Qc2 h6 11. Bh4 Qc7 12. Rfe1 Rae8 13. Rac1 c5 14. Bg3 Bxg3 15. hxg3 c4 16. Bf5 Qb6 17. Bxe6 Rxe6 18. Rxe6 Qxe6 19. Re1 Qg4 20. Ne5 Nxe5 21. Rxe5 Qd7 22. Re2 Re8 23. Rxe8+ Qxe8 24. Nf3 Qe4 25. Qxe4 Nxe4 26. Ne1 Kf8 27. Nc2 Ke7 28. Ne3 Ke6 29. g4 g6 30. f3 Ng5 31. Kf2 f6 32. b3 b5 33. bxc4 bxc4 34. a4 a5 35. Nf1 f5 36. gxf5+ gxf5 37. g3 Kf6 38. Ne3 Ke6 39. Nf1 h5 40. Ke3 Kf6 41. Kf2 Ke6 42. Ne3 Nh3+ 43. Kg2 Ng5 44. Nd1 Kf6 45. Kf2 Nh3+ 46. Kf1 Ng5 47. Ke2 Ke6 48. Ne3 Nf7 49. Ng2 h4 50. gxh4 Nh6 51. Nf4+ Kd6 52. Kf2 Kc6 53. Kg3 Kd6 54. h5 1-0

[Event "Mumbai Chess Capital op"]
[Site "Mumbai"]
[Date "2019.06.30"]
[Round "6"]
[White "Dikshit, Vivaan"]
[Black "Ghate, Siddhant"]
[Result "1-0"]
[WhiteElo "1083"]
[BlackElo "1231"]
[PlyCount "77"]
[EventDate "2019.06.29"]
[EventType "swiss"]
[EventRounds "7"]
[EventCountry "IND"]
[SourceTitle "CBM 191 Extra"]
[Source "ChessBase"]
[SourceDate "2019.09.30"]
[SourceVersion "1"]
[SourceVersionDate "2019.09.30"]
[SourceQuality "1"]

1. e4 c5 2. d4 cxd4 3. c3 dxc3 4. Nxc3 Nc6 5. Nf3 e6 6. Bc4 Nge7 7. 0-0 a6 8. Bg5 Qc7 9. Rc1 Ng6 10. Bb3 Bd6 11. Re1 h6 12. Nd5 Qb8 13. Nb6 hxg5 14. Nxa8 g4 15. e5 gxf3 16. exd6 Qxa8 17. Qxf3 Nce5 18. Qc3 Nc6 19. Qxg7 b5 20. Bc2 Nce7 21. dxe7 Nf4 22. Qxh8+ Kxe7 23. Qh4+ Ke8 24. Qxf4 Bb7 25. Be4 Bxe4 26. Qxe4 Qb8 27. Qe5 Qb7 28. Re3 Ke7 29. Rf3 Qxf3 30. gxf3 f6 31. Qc5+ Kf7 32. Qc7 Kg6 33. Qxd7 Kg5 34. Qxe6 b4 35. Rc5+ Kg6 36. Rf5 Kh7 37. Qxf6 b3 38. Rg5 bxa2 39. Qg7# 1-0